LEADER 00640naa a2200145 i 4500 001 000000301954 003 CaOOAMICUS 005 20180831172732.0 008 180831n xx u000 u und u 013 $a9687 040 $aSeMil$bita 100 1 $aCocchini, Francesca.$0(OLS)http://semarc/name/484 245 10$aMaria in Origene :$bosservazioni storico-dottrinali. 773 0 $tMariologia nella catechesi dei Padri (Età prenicena).$dRoma : LAS, copyr. 1989.$kBiblioteca di scienze religiose $kStudi, testi, commenti patristici$z88-213-0189-3$w()35785 996 $6245$aMaria in Origene :$bosservazioni storico-dottrinali$9(OLS)http://semarc/title/377938 LEADER 00610naa a2200157 i 4500 001 000000317903 003 CaOOAMICUS 005 20180831173237.0 008 180831n it u000 u ita u 013 $a27164 040 $aSeMil$bita 100 1 $aChenu, Marie-Dominique,$c.$0(OLS)http://semarc/name/89099 245 10$aLeggere i segni dei tempi. 650 4$aSegni dei tempi.$0(OLS)http://semarc/subject/19806 773 0 $tLaici sulle vie del Concilio.$dAssisi : Cittadella, stampa 1966.$kSulle vie del concilio$gp.246-254$w()46233 996 $6245$aLeggere i segni dei tempi$9(OLS)http://semarc/title/391820